000 00603cam a2200217 4500
001 J499
008 090401t xxu||||| |||| 00| 0 eng d
035 _a(Sirsi) u75329
041 _aeng
050 _a711.5520212
110 _aKing and Co
_92315
245 _aIndustrial floorspace survey ... - Mid-April 1985 - August 1988
260 _aLondon
_bKing and Co
_c1985-88
300 _a10 pt. ; 30cm.
350 _a0
520 _aPublished 3 times a year. - Lacks copy for Mid-August 1985.
650 _aFLOORSPACE STATISTICS
650 _aINDUSTRIAL PROPERTY
942 _n0
948 _c04/03/1997
999 _c95988
_d95988